000 00537nam a22001817a 4500
005 20251108172836.0
008 250721s2003 xx 000 0 ara d
082 1 4 _a634/حسي
100 1 _aالحسيني، محمد احمد
245 1 0 _aالمرشد الزراعي في : زراعة و انتاج البطيخ /
264 1 _aالقاهرة :
_bمكتبة ابن سينا،
_c2003.
300 _a32ص.
650 1 7 _aالزراعة
650 1 7 _aالفواكه
650 1 7 _aالبطيخ
942 _2ddc
_cBK
999 _c89821
_d89821